[Event "Montreal Labour Day op"]
[Site "Montreal"]
[Date "1970.09.06"]
[Round "4"]
[White "Jassini, A."]
[Black "Brodie, Hugh"]
[Result "1-0"]
[WhiteElo "1980"]
[BlackElo "1750"]
[PlyCount "72"]
[EventDate "1970.09.05"]
[EventType "swiss"]
[EventRounds "6"]
[EventCountry "CAN"]
[SourceTitle "EXT 2022"]
[Source "ChessBase"]
[SourceDate "2021.10.06"]
[SourceVersion "1"]
[SourceVersionDate "2021.10.06"]
[SourceQuality "1"]

1. e4 c6 2. d4 d5 3. e5 Bf5 4. f4 e6 5. Nf3 Nd7 6. c4 dxc4 7. Bxc4 Nb6 8. Bb3 Ne7 9. 0-0 Nbd5 10. Nc3 Rc8 11. Kh1 Nxc3 12. bxc3 Ng6 13. Qe2 Bg4 14. h3 h5 15. Qf2 Bf5 16. Be3 Qa5 17. Bd2 Qb6 18. Be3 Qa5 19. Bd2 Qb6 20. c4 Be7 21. Be3 Qa5 22. Rad1 0-0 23. d5 cxd5 24. cxd5 exd5 25. Rxd5 b5 26. Nd4 Bd3 27. Rd1 Bh4 28. Qf3 Bc4 29. Bxc4 Rxc4 30. Nxb5 Ne7 31. Nd6 Nxd5 32. Nxc4 Qxa2 33. Qxd5 Rd8 34. Nd6 Qxd5 35. Rxd5 Bg3 36. Rc5 Rb8 1-0